Novela daňového poriadku s účinnosťou od 1. 1. 2018 a od 1. 1. 2019
Pokračovanie príspevku z predchádzajúceho čísla. Osobitné daňové režimy Ilustračné príklady.
Uložené v:
| Hlavný autor: | |
|---|---|
| Médium: | Kapitola |
| Jazyk: | Slovak |
| Predmet: | |
| Tagy: |
Žiadne tagy, Buďte prvý, kto otaguje tento záznam!
|
MARC
| LEADER | 00000naa a2200000 4500 | ||
|---|---|---|---|
| 001 | 0239263 | ||
| 005 | 20180124065349.2 | ||
| 041 | 0 | |a slo | |
| 044 | |a SK | ||
| 245 | 1 | 0 | |a Novela daňového poriadku s účinnosťou od 1. 1. 2018 a od 1. 1. 2019 |c Božena Jurčíková |
| 520 | |a Pokračovanie príspevku z predchádzajúceho čísla. Osobitné daňové režimy Ilustračné príklady. | ||
| 610 | 2 | 0 | |a zákony |
| 610 | 2 | 0 | |a poriadok daňový |
| 610 | 2 | 0 | |a novelizácia |
| 610 | 2 | 0 | |a Slovensko |
| 100 | 1 | |a Jurčíková, Božena | |